Knowledge Indonesia #3 - Statistics

General Stats
  • This quiz has been taken 17 times
  • The average score is 10 of 15
Answer Stats
Hint Answer % Correct
The temple is included in the UNESCO world Cultural Heritage Candi Borobudur
100%
The temple is located in Yogyakarta province Candi Prambanan
100%
National Anthem Indonesia Raya
100%
Bridge connecting the islands of Java and Madura Suramadu
92%
An area that has shark and crocodile icons Surabaya
85%
A lake famous for its folklore, located in northern Sumatra Toba
85%
The name of the bridge which has become an icon of the city of Palembang Ampera
77%
Another name for the Borneo archipelago Kalimantan
69%
The islands in the eastern part of Indonesia are famous for their beautiful sea Raja Ampat
69%
The name of the island located in the middle of the lake above Samosir
62%
Typical Indonesian primates Orangutan
54%
A bird nicknamed "Bird of Paradise" whose habitat is in eastern Indonesia Cendrawasih
46%
The islands which are a national park that are also included in the world natural heritage site Taman Nasional Komodo
46%
Ornamental fish originating from the South Kalimantan area Arwana
15%
The province is nicknamed "Bumi Melayu" Jambi
15%
No matching quizzes found
Score Distribution
Percent of People with Each Score
Percentile by Number Answered
Your Score History
You have not taken this quiz